| 000 -CABECERA |
| campo de control de longitud fija |
02149nam a2200193 a 4500 |
| 001 - NÚMERO DE CONTROL |
| campo de control |
000083986 |
| 005 - FECHA Y HORA DE LA ÚLTIMA TRANSACCIÓN |
| campo de control |
20200120224854.0 |
| 008 - DATOS DE LONGITUD FIJA--INFORMACIÓN GENERAL |
| campo de control de longitud fija |
171211s1977 ck gr 000 0 eng d |
| 041 1# - CÓDIGO DE LENGUA |
| Código de lengua del texto/banda sonora o título independiente |
spa |
| Código de lengua original |
eng |
| 090 ## - LOCALMENTE ASIGNADO TIPO-LC NÚMERO DE CLASIFICACIÓN (OCLC); NÚMERO DE CLASIFICACIÓN LOCAL (RLIN) |
| Número de clasificación (OCLC) (R) ; Numero de clasificación, CALL (RLIN) (NR) |
AN |
| Número cutter local (OCLC) ; Número de libro/Signatura topográfica íntegra, CALL (RLIN) |
SMITc |
| 100 1# - ENTRADA PRINCIPAL--NOMBRE DE PERSONA |
| Nombre de persona |
Smith, Colin |
| 245 10 - MENCIÓN DE TÍTULO |
| Título |
Carlos : |
| Resto del título |
retrato de un terrorista / |
| Mención de responsabilidad, etc. |
Colin Smith ; traducción Gerardo Mayer. |
| 260 ## - PUBLICACIÓN, DISTRIBUCIÓN, ETC. |
| Lugar de publicación, distribución, etc. |
Bogotá : |
| Nombre del editor, distribuidor, etc. |
Círculo de lectores, |
| Fecha de publicación, distribución, etc. |
1977. |
| 300 ## - DESCRIPCIÓN FÍSICA |
| Extensión |
325 pàginas. |
| 520 ## - SUMARIO, ETC. |
| Sumario, etc. |
"¿Quién es en verdad Carlos, al que busca todo el mundo y al que pocos conocen? Carlos Martínez es el nombre con el que se conoce al hombre más buscado del mundo. En los tres últimos años ha estado implicado en casi todas las operaciones terroristas importantes: el secuestro de once ministros de países productores de petróleo durante una reunión de trabajo en Viena, el asalto del ejército rojo japonés a la embajada de Francia en Holanda, el ataque en Orly contra el jet de la línea aérea El Al. Hay algunos datos sobre su biografía, pero sus verdaderas motivaciones políticas constituyen una incógnita. ¿Se trata de un revolucionario lleno de fervor o simplemente, es un instrumento en manos de fuerzas que desconocernos? Nacido en Venezuela, hijo de un marxista dueño de una gran fortuna, hizo parte de sus estudios en Londres. Después fue a Moscú como alumno de la Universidad Patricio Lumumba, y allí comenzó el misterio que lo transformaría en un personaje legendario. Colin Smith ha estudiado sus antecedentes familiares y sociales, ha investigado su vida en Inglaterra, ha analizado sus posibles conexiones con la KGB, ha buscado documentación sobre su reclutamiento como miembro del Frente de Liberación de Palestina y tiene pruebas de su entrenamiento en el Oriente Medio. El autor del libro ha realizado innumerables entrevistas a testigos presenciales de las acciones terroristas, y ha reconstruido lo que sucedió en cada una de ellas. La novela resulta apasionante por su contenido y por la agilidad con que ha sido escrita." |
| 534 ## - NOTA SOBRE LA VERSIÓN ORIGINAL |
| Frase introductoria |
Título original: |
| Mención de título del original |
Carlos, portrait a terrorist |
| 650 14 - PUNTO DE ACCESO ADICIONAL DE MATERIA--TÉRMINO DE MATERIA |
| Término de materia o nombre geográfico como elemento de entrada |
Terroristas |
| Subdivisión geográfica |
Venezuela |
| 700 1# - PUNTO DE ACCESO ADICIONAL--NOMBRE DE PERSONA |
| Nombre de persona |
Mayer, Gerardo |
| Término indicativo de función/relación |
traductor. |